Name Every Canadian Provinces - No Map - Statistics

General Stats
  • This quiz has been taken 165 times
  • The average score is 8 of 10
Answer Stats
Answer % Correct
Ontario
89%
Alberta
87%
British Columbia
87%
Quebec
87%
Saskatchewan
79%
Newfoundland and Labrador
76%
Prince Edward Island
75%
Manitoba
74%
Nova Scotia
71%
New Brunswick
63%
No matching quizzes found
Score Distribution
Percent of People with Each Score
Percentile by Number Answered
Your Score History
You have not taken this quiz